00249nam a2200085Ia 4500008004100000100001600041245006200057260003600119300000800155201217s9999 xx 000 0 und d aKher, Manik 0aLabour - Management Court Battles : The Manoeuvring Game aPunebTimes Research Foundation a126